The collected poems of A.E. Coppard.

Bibliographic Details
Main Author: Coppard, A. E. (Alfred Edgar), 1878-1957
Other Authors: Fraser, Claud Lovat, 1890-1921, Fisk, Earl E. (Earl Ellsworth), 1892-1954, Fisk, Florence
Format: Book
Language:English
Published: London : Jonathan Cape, 1928.

MARC

Tag First Indicator Second Indicator Subfields
LEADER 00000cam a2200000Ia 4500
001 in00002433021
005 20210410063152.0
008 750528s1928 enk 000 0 eng d
029 1 |a AU@  |b 000026196496 
035 |a (OCoLC)ocm01356915 
035 |a (OCoLC)1356915 
040 |a KSU  |c KSU  |d OCL  |d OCLCG  |d TXA  |d UtOrBLW 
049 |a TXAM 
050 4 |a PR6005  |b .O55 1928 
090 |a PR6005.O55  |b A18 1928b 
100 1 |a Coppard, A. E.  |q (Alfred Edgar),  |d 1878-1957. 
245 1 4 |a The collected poems of A.E. Coppard. 
264 1 |a London :  |b Jonathan Cape,  |c 1928. 
300 |a 109 pages ;  |c 18.8 cm. 
336 |a text  |b txt  |2 rdacontent 
337 |a unmediated  |b n  |2 rdamedia 
338 |a volume  |b nc  |2 rdacarrier 
500 |a Cushing Library Lit./Mitchell has A Carol by A.E. Coppard with decorations by C. Lovat Fraser tipped in. A Carol was printed, ... for the friends of Earl and Florence Fisk, Christmas 1947. Both book and insert are inscribed by Coppard. 
700 1 |a Coppard, A. E.  |q (Alfred Edgar),  |d 1878-1957.  |t Carol. 
700 1 |a Fraser, Claud Lovat,  |d 1890-1921. 
700 1 |a Fisk, Earl E.  |q (Earl Ellsworth),  |d 1892-1954. 
700 1 |a Fisk, Florence. 
740 0 2 |a Carol 
994 |a C0  |b TXA 
948 |a cataloged  |b h  |c 2008/11/20  |d c  |e mzajicek  |f 1:45:55 pm 
999 |a MARS 
999 f f |s bf9a9c08-6cbc-3f28-92d6-f7f8615c95f9  |i 9e3ac473-06c1-3f0b-9d27-19321f438ab1  |t 0 
952 f f |p noncirc  |a Texas A&M University  |b College Station  |c Cushing Memorial Library & Archives  |d Cushing: Literature/Mitchell (Does not check out)  |t 0  |e PR6005.O55 A18 1928b  |h Library of Congress classification  |i unmediated -- volume 
998 f f |a PR6005.O55 A18 1928b  |t 0  |l Cushing: Literature/Mitchell (Does not check out)